Hand Book Of Electronics / (Record no. 10406)
[ view plain ]
| 000 -LEADER | |
|---|---|
| fixed length control field | 00710nam a22002657a 4500 |
| 001 - CONTROL NUMBER | |
| JCCL Control Number | 10406 |
| 003 - CONTROL NUMBER IDENTIFIER | |
| JCCL marc code | BD-JhCC |
| 005 - DATE AND TIME OF LATEST TRANSACTION | |
| control field | 20180519113757.0 |
| 008 - FIXED-LENGTH DATA ELEMENTS--GENERAL INFORMATION | |
| fixed length control field | 180425b20151966ii ||||| |||| 00| 0 eng d |
| 020 ## - INTERNATIONAL STANDARD BOOK NUMBER | |
| International Standard Book Number | 9789351404934 |
| 035 ## - SYSTEM CONTROL NUMBER | |
| system control number | (BD-JhCC)10406 |
| 040 ## - CATALOGING SOURCE | |
| Original cataloging agency | BD-JhCC |
| Modifying agency | BD-JhCC |
| 041 ## - LANGUAGE CODE | |
| Language code of Book | eng |
| 082 ## - DEWEY DECIMAL CLASSIFICATION NUMBER | |
| Classification number | 621.384 |
| Author mark and Year | GUP 2015 |
| 100 ## - MAIN ENTRY--PERSONAL NAME | |
| Personal name | Gupta, Dr. S. L. |
| 245 ## - TITLE STATEMENT | |
| Title | Hand Book Of Electronics / |
| Statement of responsibility, etc | Dr. S. L. Gupta, Dr. V. Kumar |
| 260 ## - PUBLICATION, DISTRIBUTION, ETC. (IMPRINT) | |
| Place of publication, distribution, etc | New Dheli : |
| Name of publisher, distributor, etc | Pragati Prakashan, |
| Date of publication, distribution, etc | 2015. |
| 300 ## - PHYSICAL DESCRIPTION | |
| Pagination | 1352, various p. : |
| Other physical details | ills; |
| Dimensions | 25 cm. |
| 650 ## - SUBJECT ADDED ENTRY--TOPICAL TERM | |
| Topical term or geographic name as entry element | Radar |
| 650 ## - SUBJECT ADDED ENTRY--TOPICAL TERM | |
| Topical term or geographic name as entry element | Radio--Equipment and supplies |
| 650 ## - SUBJECT ADDED ENTRY--TOPICAL TERM | |
| Topical term or geographic name as entry element | Electronics |
| 700 ## - ADDED ENTRY--PERSONAL NAME | |
| Personal name | Kumar, Dr. V. |
| 942 ## - ADDED ENTRY ELEMENTS (KOHA) | |
| Source of classification or shelving scheme | Dewey Decimal Classification |
| Koha item type | Reference |
| Source of classification or shelving scheme | Damaged status | Not for loan | Home library | Current library | Shelving location | Cost, normal purchase price | Total Checkouts | Full call number | Barcode | Date last seen | Copy number | Koha item type |
|---|---|---|---|---|---|---|---|---|---|---|---|---|
| Dewey Decimal Classification | JCC Rouf Library | JCC Rouf Library | General Stacks | 720.00 | 621.384 GUP 2015 | 13765 | 04/25/2018 | C-1 | Reference | |||
| Dewey Decimal Classification | JCC Rouf Library | JCC Rouf Library | General Stacks | 720.00 | 621.384 GUP 2015 | 13764 | 04/25/2018 | C-2 | Reference |